| 000 | 00597nab a2200157Ia 4500 | ||
|---|---|---|---|
| 003 | ES-SlBCS | ||
| 005 | 20210601125514.0 | ||
| 008 | 140529s1998 xxu||||| |||| 00| 0 eng d | ||
| 041 | _aeng | ||
| 100 | 1 |
_aDormois, Jean-Pierre _9159486 |
|
| 245 | 0 | 4 |
_aThe Significance of the French Colonial Empire for French Economic Development (1825-1960) _c Jean-Pierre Dormois, François Crouzet |
| 650 | 0 | 4 |
_aImperio Colonial Francés-Economía Francesa _9159487 |
| 700 | 1 |
_aCrouzet, François _9159474 |
|
| 773 | 0 |
_tRevista de Historia Economica _gvol. 16, nº. 1, 1998, págs. 323-349 _wRev701 |
|
| 942 | _cAR | ||
| 999 |
_c531394 _d531394 |
||